STN EN 60704-1/A11: 2013 (36 1005), Elektrické spotrebiče pre domácnosť a na podobné účely. Skúšobný predpis na stanovenie hluku prenášaného vzduchom Časť 1 Všeobecné požiadavky. Zmena A11
Táto zmena A11 STN EN 60704-1: 2010 je slovenskou verziou európskej normy EN 60704-1: 2010/A11: 2012. Preklad zabezpečil Slovenský ústav technickej normalizácie. Má rovnaké postavenie ako majú oficiálne verzie
| Format: | Book |
|---|---|
| Language: | Slovak English |
| PhysicalDescription: | 8 s. 30 cm |
| Published: |
Bratislava
Slovenský ústav technickej normalizácie
2013
|
| Subjects: |
MARC
| LEADER | 00000cam a2200000 a 4500 | ||
|---|---|---|---|
| 001 | vtls010534629 | ||
| 003 | SK-MaSNL | ||
| 005 | 20260301034135.0 | ||
| 008 | 160430s2013 xo f u 000 0 slo | ||
| 015 | |a SNBN2013 | ||
| 020 | |c (cen. skup. 3) | ||
| 040 | |a SNK |b slo |c SNK |e AACR2 | ||
| 041 | 1 | |a slo |h eng | |
| 044 | |a xo |c SK | ||
| 046 | |a s |m 201308 (účin.) | ||
| 072 | 7 | |a 64 |x Domáce hospodárstvo |2 konspekt | |
| 080 | |a 64.06 |2 2001 | ||
| 080 | |a 006.7/.8 |2 2001 | ||
| 080 | |a (437.6) |2 2001 | ||
| 080 | |a (4) |2 2001 | ||
| 084 | |a 17.140.20 |2 ICS | ||
| 084 | |a 97.030 |2 ICS | ||
| 130 | 0 | |a STN 36 1005 (STN EN 60704-1/A11) |9 334479 | |
| 245 | 1 | 0 | |a STN EN 60704-1/A11: 2013 (36 1005), Elektrické spotrebiče pre domácnosť a na podobné účely. Skúšobný predpis na stanovenie hluku prenášaného vzduchom |n Časť 1 |p Všeobecné požiadavky. Zmena A11 |
| 246 | 1 | 0 | |a Elektrické spotrebiče pre domácnosť a na podobné účely |
| 246 | 1 | 0 | |a Skúšobný predpis na stanovenie hluku prenášaného vzduchom |
| 246 | 1 | 0 | |a Všeobecné požiadavky |
| 246 | 3 | 0 | |a EN 60704-1: 2010/A11: 2013 E |
| 260 | |a Bratislava |b Slovenský ústav technickej normalizácie |c 2013 | ||
| 300 | |a 8 s. |c 30 cm | ||
| 500 | |a Súbežný názov v angličtine, francúzštine, nemčine | ||
| 500 | |a Spracovateľ: SÚTN Bratislava | ||
| 504 | |a Citované normy, súvisiace právne predpisy s. 2 | ||
| 520 | 8 | |a Táto zmena A11 STN EN 60704-1: 2010 je slovenskou verziou európskej normy EN 60704-1: 2010/A11: 2012. Preklad zabezpečil Slovenský ústav technickej normalizácie. Má rovnaké postavenie ako majú oficiálne verzie | |
| 540 | |a STN vydané na akomkoľvek nosiči sa môžu rozmnožovať a rozširovať iba so súhlasom určenej právnickej osoby |b SÚTN Bratislava |c zákon 264/1999 Z. z. | ||
| 650 | 0 | 7 | |a domáce spotrebiče |2 SNKPH |9 209372 |
| 650 | 0 | 7 | |a technické normy a štandardy |z Slovensko |2 SNKPH |9 79594 |
| 650 | 0 | 7 | |a technické normy a štandardy |z krajiny Európskej únie |2 SNKPH |9 289341 |
| 650 | 0 | 7 | |a Household appliances |2 SNKPHeng |9 322168 |
| 655 | 7 | |a normy |2 SNKPH |9 70643 | |
| 710 | 2 | |a Slovenský ústav technickej normalizácie (Bratislava, Slovensko) |b Technická komisia č. 10 Elektrické spotrebiče pre domácnosť a elektrické ručné náradie |4 stn |9 312135 | |
| 774 | 1 | 8 | |t STN EN 60704-1 : 2010 |d Bratislava : Slovenský ústav technickej normalizácie, 2010 |w vtls010196585 |
| 852 | |a Štátna vedecká knižnica v Banskej Bystrici | ||
| 958 | |a NB | ||
| 958 | |a OP | ||
| 999 | |c 581329 |d 583259 | ||
| 952 | |a SNK |b SNK |y PREZ |7 0 |p 17A1081897 |o snkSTN EN 60704-1/A11 |i snk2013/19654 |8 0 |0 0 |1 0 |4 0 |d 2013-08-22 |l 0 |r 2026-02-23 14:51:13 |w 2026-02-23 | ||
| 952 | |a SNK |b SNK |y PREZ |7 0 |p 17A1081896 |o snkSTN EN 60704-1/A11 D1 |i snk2013/19655 |8 0 |0 0 |1 0 |4 0 |d 2013-08-22 |l 0 |r 2026-02-23 14:51:13 |w 2026-02-23 | ||


